000170956 001__ 170956 000170956 005__ 20260430151736.0 000170956 0247_ $$2doi$$a10.26754/ojs_zarch/zarch.20252512444 000170956 0248_ $$2sideral$$a149091 000170956 037__ $$aART-2025-149091 000170956 041__ $$aspa 000170956 100__ $$0(orcid)0000-0002-1950-3084$$aMonclús Fraga, Francisco Javier$$uUniversidad de Zaragoza 000170956 245__ $$aVivienda colectiva en México. El derecho a la arquitectura 000170956 260__ $$c2025 000170956 5060_ $$aAccess copy available to the general public$$fUnrestricted 000170956 540__ $$9info:eu-repo/semantics/openAccess$$aby-nc-nd$$uhttps://creativecommons.org/licenses/by-nc-nd/4.0/deed.es 000170956 655_4 $$ainfo:eu-repo/semantics/other$$vinfo:eu-repo/semantics/publishedVersion 000170956 7102_ $$15015$$2815$$aUniversidad de Zaragoza$$bDpto. Arquitectura$$cÁrea Urbanística y Ord.Territ. 000170956 773__ $$g24 (2025), [1 pp.]$$pZARCH$$tZARCH$$x2341-0531 000170956 787__ $$tVivienda colectiva en México. El derecho a la arquitectura$$wdoi.org/10.26754/ojs_zarch/ zarch.20252512444 000170956 8564_ $$s85786$$uhttps://zaguan.unizar.es/record/170956/files/texto_completo.pdf$$yVersión publicada 000170956 8564_ $$s4351181$$uhttps://zaguan.unizar.es/record/170956/files/texto_completo.jpg?subformat=icon$$xicon$$yVersión publicada 000170956 909CO $$ooai:zaguan.unizar.es:170956$$particulos$$pdriver 000170956 951__ $$a2026-04-30-13:57:51 000170956 980__ $$aARTICLE